|
|
|
|
| LEADER |
00000nab a2200000 a 4500 |
| 001 |
vtls011116895 |
| 003 |
SK-MaSNL |
| 005 |
20260304030120.0 |
| 008 |
250310|2002 xo |||||||||||||||||slo| |
| 015 |
|
|
|a SNBRB
|
| 035 |
|
|
|a (uuid)d53c7c78-a3dd-4b38-8a44-7c978f65c34b
|
| 035 |
|
|
|a (urnnbn)urn:nbn:sk:snk:ar-a08l78
|
| 035 |
|
|
|a urn:nbn:sk:snk-ab9nde
|
| 040 |
|
|
|a SNKBUCL
|b slo
|c SNKBUCL
|e AACR2
|
| 041 |
0 |
|
|a slo
|
| 044 |
|
|
|a xo
|c SK
|
| 100 |
1 |
|
|a Jedlička, Milan,
|d 1947-2008
|4 aut
|9 200753
|
| 245 |
1 |
0 |
|a Stratégia CRM ako súčasť marketingovej komunikácie firmy
|c Milan Jedlička
|
| 773 |
0 |
|
|t Kvalita : odborný časopis Slovenskej spoločnosti pre kvalitu
|g Roč. 10, č. 3 (2002), s. 33-35
|
| 958 |
|
|
|a OND
|
| 958 |
|
|
|a EUIPO
|
| 958 |
|
|
|a article13
|
| 999 |
|
|
|c 2631774
|d 2633704
|